000
00331nam a22001457a 4500
008
210312b ||||| |||| 00| 0 eng d
020
_a
0538510404
041
_a
eng
080
_2
15th
_a
330.722.6
082
_2
15th
_a
330.722.6
100
_a
61
101
_a
KF
245
_a
Accounting Principless
_c
Fess,E.PH
942
_2
udc
_c
BK
999
_c
56572
_d
56572